000 00584nam a22001577a 4500
003 OSt
005 20150919114141.0
008 150919b xxu||||| |||| 00| 0 eng d
040 _cRUA
082 _aAGR CHE 2006 BO33 Or.1
100 _9859
_aCHEAM, SEAMMPOLIN
245 _aCultivation techniques of Dorian in snuol district, kratie province,(បច្ចេកទេសដាំដុះដំណាំធុរេននៅស្រុកស្នួល ខេត្តក្រចេះ).
260 _aphnom phen
_bRUA
_c2006
300 _aXIII,49p.
_bill.
_c29cmm.
942 _2ddc
_cAGR
999 _c829
_d829